| 000 | 00468nam a22001817a 4500 | ||
|---|---|---|---|
| 005 | 20260424133537.0 | ||
| 008 | 260424b |||||||| |||| 00| 0 eng d | ||
| 020 |
_a9783111700229 _c2299.00 |
||
| 040 | _aMAIN | ||
| 041 | _aEnglish | ||
| 082 |
_a514.325 _bRIC |
||
| 100 |
_aRichmond, Tom _926747 |
||
| 245 |
_aGeneral Topology _b: An Introduction |
||
| 260 |
_aBerlin _bDe Gruyter _c2025 |
||
| 300 | _a314 | ||
| 650 |
_aMathematics (PM USHA) _926738 |
||
| 942 | _cBK | ||
| 999 |
_c60733 _d60733 |
||